00548 2200205 4500001002100000005001500021035002000036007000300056008004100059020002200100082001000122084001600132100001800148245004900166250002000215260003100235300004300266650001000309700002300319INLIS00000000113889320220121092518 a0010-0122004045ta220121 0 ind  a978-979-231-025-2 aF 813 aF 813 CHO b0 aChoi Kyung Ah1 aBiBi :bThe Road to Fashion /cChoi Kyung Ah aCetakan Pertama aJakarta :bGramedia,c2007 a208 halaman :bilustrasi ;c10 x 18 cm 4aFiksi0 aeditor : Anna L. L